000 00432nam a22001457a 4500
020 _a0-309-02164-2
082 _a625.8
_bNAT
_cD
100 _aNational Research Council
_926742
245 _aPerformance of composite pavemetn, overlays and shoulders
260 _aThe World Bank
_bWashington D.C
_c1973
300 _av, 53 p. :
_bill. :
_c6 Cm
526 _a0
_b0
_c0
_d625_800000000000000_NAT
650 _aMCE
_9379
942 _2ddc
_cBK
999 _c547628
_d547628